| 000 | 01182nam a2200229 a 4500 | ||
|---|---|---|---|
| 008 | 120416s1989 ||||||||||||||||| || u | ||
| 020 | _a1870784022 | ||
| 050 | _aJC 571.A3 Shi | ||
| 100 | _aShivji, Issa G | ||
| 245 | 1 | 4 | _aThe concept of human rights in Africa |
| 260 |
_aLondon: _bCODESRIA _c1989 |
||
| 300 | _aviii, 126p. | ||
| 350 | _a0.00 | ||
| 500 | _aBibliography | ||
| 650 | _aHUMAN RIGHTS--POLITICAL ASPECT--AFRICA | ||
| 650 | _aPOLITICS | ||
| 650 | _aHUMAN RIGHTS--AFRICA | ||
| 995 |
_aMAIN LIBRARY OPEN ACCESS _D0.00 _e738111 _FCBU-MAIN LIBRARY (Kitwe) _H1 _I0.00 _jJC 571.A3 SHI _M3 _UAVAILABLE _WNov 27, 2007 _y738111 _ZMain Library Open Access Collection |
||
| 995 |
_aANNEX COLLECTION (Main Library) _D0.00 _e730034 _FCBU-MAIN LIBRARY (Kitwe) _H1 _I0.00 _jJC 571.A3 SHI _M2 _UAVAILABLE _WMay 26, 2006 _y023994 _ZAnnex Low-Usage Collection |
||
| 995 |
_aANNEX COLLECTION (Main Library) _D0.00 _e738112 _FCBU-MAIN LIBRARY (Kitwe) _H1 _I0.00 _jJC 571.A3 SHI _M4 _UAVAILABLE _WNov 27, 2007 _y738112 _ZAnnex Low-Usage Collection |
||
| 995 |
_aMAIN LIBRARY OPEN ACCESS _D0.00 _e725887 _FCBU-MAIN LIBRARY (Kitwe) _H1 _I19.80 _jJC 571.A3 Shi _M1 _UAVAILABLE _y010328 _ZMain Library Open Access Collection |
||
| 999 |
_c79710 _d79710 |
||